| 000 | 00985nam a22003137a 4500 | ||
|---|---|---|---|
| 001 | BR9800082 | ||
| 003 | BR-BrBNA | ||
| 005 | 20230928095758.0 | ||
| 007 | ta | ||
| 008 | 230509b bl.||||| |||| 00| 0 por d | ||
| 040 |
_aBR-BrBNA _bpor _cBiblioteca Nacional de Agricultura |
||
| 041 | _a(Por) | ||
| 072 |
_aP34; F61 _b1958 _b3920 |
||
| 090 | _ 1958 BR9800082 | ||
| 100 | 1 | _aCarvalho, F.G. de | |
| 110 | 1 |
_aUniversidade Federal Rural de Pernambuco, Recife (Brasil) _0Tese (Mestre em Agronomia) |
|
| 245 | 1 | _aEfeito do NaCl em leucena (Leucaena leucocephala (Lam.)de Wit), inoculada com rizobio e fertilizada com N-mineral | |
| 260 | 3 |
_aRecife, PE (Brasil): _c1996. |
|
| 300 | _a52 p. | ||
| 500 | _aSummaries (Eng, Por); 7 tables; Bibliography p. 43-48 | ||
| 650 | _aLeucaena | ||
| 650 | _aRhizobium | ||
| 650 | _aInoculacao | ||
| 650 | _aSalinidade | ||
| 650 | _aMicrobiologia do Solo | ||
| 650 | _aRendimento | ||
| 909 |
_a202309 _bLucia _c55 _dLucia Elande |
||
| 942 | _cBK | ||
| 999 |
_c58610 _d58610 |
||